Nazwij pasujące państwo europejskie #1 - Statystyki

Ogólne statystyki
  • Ten quiz został rozwiązany 1 129 razy
    1 088 od ostatniego zresetowania
  • Średni wynik to 10 z 15
Statystyki odpowiedzi
Kryterium Państwo % Poprawnych
Jego nazwa zaczyna się na literę F Finlandia | Francja
97%
Jego walutą jest korona Czechy | Szwecja | Norwegia | Islandia | Dania
94%
O powierzchni większej niż 500 tys. km² Francja | Ukraina | Rosja | Hiszpania
90%
Nigdy nie zagrało na Mistrzostwach Europy ani Świata w piłce nożnej Andora | San Marino | Monako | Mołdawia | Białoruś | Litwa | Estonia | Malta | Watykan | Liechtenstein | Luksemburg | Czarnogóra
88%
O gęstości zaludnienia mniejszej niż 20 osób/km² Rosja | Finlandia | Szwecja | Islandia
77%
Jego flaga nie zawiera koloru czerwonego Bośnia i Hercegowina | Estonia | Finlandia | Grecja | Irlandia | Kosowo | San Marino | Szwecja | Ukraina
74%
Nazwa jego stolicy zaczyna się na literę L Słowenia | Wielka Brytania | Portugalia | Luksemburg
74%
Jest państwem wyspiarskim Irlandia | Islandia | Malta | Wielka Brytania
70%
Jego najwyższy szczyt ma ponad 4000 m n.p.m. Rosja | Szwajcaria | Francja | Włochy
70%
Jego stolica i stolice wszystkich jego sąsiadów mają mniej niż 2mln mieszkańców Szwecja | Chorwacja | Bośnia i Hercegowina | Kosowo | Czarnogóra | Serbia | Liechtenstein
68%
Jego nazwa nie zawiera litery A Włochy | Kosowo | Niemcy | Węgry | Czechy | Luksemburg | Liechtenstein
61%
Mające dokładnie 4 sąsiadów Belgia | Litwa | Grecja | Albania | Czechy | Słowenia | Łotwa
60%
Na jego terenie nie toczyły się walki podczas II wojny światowej Szwecja | Szwajcaria | Irlandia | Portugalia | Andora | Liechtenstein | Hiszpania
46%
Zostało wspomniane w Biblii Włochy | Grecja | Hiszpania | Malta | Chorwacja
39%
Posiadające komitet olimpijski, które nigdy nie zdobyło złotego medalu ani letnich ani zimowych Igrzysk Olimpijskich Czarnogóra | Islandia | Macedonia Północna
26%
Nie znaleziono quizów pasujących do podanych kryteriów
Rozkład punktacji
Procent ludzi z każdym wynikiem
Percentyl według liczby udzielonych odpowiedzi
Twoja historia wyników
Nie rozwiązałeś tego quizu od ostatniego zresetowania